Представление документа в формате MARC21

Поле Инд. ПП Название Значение
Тип записи a
Библиографический уровень a
001 Контрольный номер AdmiBIBL00017306AdmiTRUN00000063
005 Дата корректировки 20180409143711.3
008 Кодируемые данные 070619
040 a Служба первич. каталог. НБ ТвГУ
041 a Код языка текста rus
098 b Факультет Педагогический
c Кафедра дошкольной педагогики и психологии
100 1_ a Автор Пискарева Д. А.
245 10 a Заглавие Влияние перинатальных поражений нервной системы на формирование устной речи детей дошкольного возраста
653 a Ключевые слова Дошкольная педагогика
a Ключевые слова Труды Тверского государственного университета
653 a Ключевые слова Речь
653 a Ключевые слова Детская психология
653 a Ключевые слова Нервная система
653 a Ключевые слова Логопедия
653 a Ключевые слова Дети
a Ключевые слова Коррекционная педагогика
a Ключевые слова Перинатальный период
a Ключевые слова Развитие речи
700 1_ a Другие авторы Шевченко Екатерина Николаевна
q Полное имя Шевченко, Е. Н.
710 a Организация/ юрисдикция Тверской государственный университет
773 w Контрольный № источника 7941aa7d-e52d-4e9c-a16b-ed8ca5f78b03
t Название источника Традиции и новации в профессиональной подготовке и деятельности педагога
d Место и дата издания Тверь, 2008
g Прочая информация Вып. 7. - С. 200-205
856 u URL http://texts.lib.tversu.ru/texts2/0002502t.pdf
x Примечание для ЭОР Реестр суммарного учета сетевых локальных документов
901 t Тип документа a
920 a Оператор ВлЕИ
930 a Новая/Ретро полный текст
954 a Дата поступления на обработку 20110425